[Event "DEM U18 2020"]
[Site "Willingen GER"]
[Date "2020.10.22"]
[Round "4"]
[White "Junker, Magnus"]
[Black "Besancon, Pascal"]
[Result "1-0"]
[Termination "normal"]
[Board "11"]
[WhiteElo "2093"]
[BlackElo "1915"]
[WhiteClock "00:12:59"]
[BlackClock "00:04:27"]
[PlyCount "127"]
[WhiteFideId "16218507"]
[BlackFideId "16229991"]
[EventCountry "GER"]
[EventRounds "7"]
[EventType "swiss"]
[EventDate "2020.10.19"]

1. e4 {[%clk 1:30:58]} e5 {[%clk 1:30:54]} 2. Nf3 {[%clk 1:31:24]} d6 {[%clk
1:31:14]} 3. Bc4 {[%clk 1:31:39]} Be7 {[%clk 1:31:26]} 4. Nc3 {[%clk 1:31:30]}
Nf6 {[%clk 1:28:32]} 5. d4 {[%clk 1:31:33]} Nbd7 {[%clk 1:28:53]} 6. O-O {[%clk
1:29:55]} c6 {[%clk 1:27:54]} 7. a4 {[%clk 1:25:26]} a5 {[%clk 1:28:21]} 8. Be3
{[%clk 1:21:06]} O-O {[%clk 1:26:25]} 9. h3 {[%clk 1:20:25]} Qc7 {[%clk
1:26:53]} 10. Qe2 {[%clk 1:19:50]} exd4 {[%clk 1:23:32]} 11. Nxd4 {[%clk
1:19:20]} Nc5 {[%clk 1:23:50]} 12. Rfe1 {[%clk 1:15:59]} Re8 {[%clk 1:21:29]}
13. Qf3 {[%clk 1:12:32]} Ne6 {[%clk 1:17:31]} 14. Nf5 {[%clk 1:11:34]} Bf8
{[%clk 1:17:58]} 15. Rad1 {[%clk 1:11:03]} Nd7 {[%clk 1:12:46]} 16. Qg3 {[%clk
1:05:21]} Ne5 {[%clk 1:12:54]} 17. Bb3 {[%clk 1:03:40]} Kh8 {[%clk 1:07:16]}
18. f4 {[%clk 1:02:37]} Ng6 {[%clk 1:07:37]} 19. Qf2 {[%clk 0:54:55]} Nc5
{[%clk 0:59:08]} 20. Nxd6 {[%clk 0:53:13]} Bxd6 {[%clk 0:58:38]} 21. Rxd6
{[%clk 0:53:18]} Qxd6 {[%clk 0:47:19]} 22. e5 {[%clk 0:49:16]} Qc7 {[%clk
0:47:47]} 23. Bxc5 {[%clk 0:49:35]} Be6 {[%clk 0:42:10]} 24. Bxe6 {[%clk
0:44:59]} Rxe6 {[%clk 0:42:37]} 25. f5 {[%clk 0:44:45]} Rxe5 {[%clk 0:42:56]}
26. fxg6 {[%clk 0:45:05]} hxg6 {[%clk 0:43:00]} 27. Rxe5 {[%clk 0:44:03]} Qxe5
{[%clk 0:43:25]} 28. Bd4 {[%clk 0:44:25]} Qe6 {[%clk 0:41:57]} 29. Qf4 {[%clk
0:43:01]} f6 {[%clk 0:33:51]} 30. Ne4 {[%clk 0:37:52]} g5 {[%clk 0:27:38]} 31.
Qf3 {[%clk 0:36:54]} Rd8 {[%clk 0:22:21]} 32. Bc3 {[%clk 0:29:51]} Rd5 {[%clk
0:20:26]} 33. Ng3 {[%clk 0:23:58]} Kg8 {[%clk 0:16:31]} 34. Qe2 {[%clk
0:20:57]} Qd6 {[%clk 0:15:47]} 35. Ne4 {[%clk 0:15:26]} Qd8 {[%clk 0:13:52]}
36. Qh5 {[%clk 0:10:41]} Qe7 {[%clk 0:10:09]} 37. Qg6 {[%clk 0:09:36]} Kf8
{[%clk 0:09:40]} 38. Kh2 {[%clk 0:09:06]} b5 {[%clk 0:07:49]} 39. axb5 {[%clk
0:08:07]} cxb5 {[%clk 0:08:08]} 40. Bxa5 {[%clk 0:03:35]} b4 {[%clk 0:08:18]}
41. Bb6 {[%clk 0:03:12]} f5 {[%clk 0:03:27]} 42. Ng3 {[%clk 0:30:08]} f4 {[%clk
0:29:15]} 43. Ne4 {[%clk 0:27:35]} g4 {[%clk 0:27:52]} 44. Bg1 {[%clk 0:20:43]}
Re5 {[%clk 0:22:19]} 45. Nd2 {[%clk 0:20:08]} f3 {[%clk 0:11:09]} 46. Qxg4
{[%clk 0:19:46]} fxg2 {[%clk 0:10:35]} 47. Nf3 {[%clk 0:19:18]} Re2 {[%clk
0:09:29]} 48. h4 {[%clk 0:18:08]} Qc7+ {[%clk 0:08:49]} 49. Kh3 {[%clk
0:16:11]} Rxc2 {[%clk 0:09:17]} 50. Qxb4+ {[%clk 0:15:48]} Kg8 {[%clk 0:08:27]}
51. Qb3+ {[%clk 0:11:37]} Kh8 {[%clk 0:08:55]} 52. Qe6 {[%clk 0:11:21]} Rxb2
{[%clk 0:05:15]} 53. Qe8+ {[%clk 0:11:34]} Kh7 {[%clk 0:05:43]} 54. Ng5+ {[%clk
0:11:22]} Kh6 {[%clk 0:06:10]} 55. Qh8+ {[%clk 0:11:39]} Kg6 {[%clk 0:06:29]}
56. Qh7+ {[%clk 0:12:06]} Kf6 {[%clk 0:06:35]} 57. Bd4+ {[%clk 0:12:29]} Ke7
{[%clk 0:06:11]} 58. Qxg7+ {[%clk 0:12:54]} Kd6 {[%clk 0:05:51]} 59. Be5+
{[%clk 0:13:12]} Kd5 {[%clk 0:06:05]} 60. Bxc7 {[%clk 0:12:20]} g1=Q {[%clk
0:04:43]} 61. Qxb2 {[%clk 0:12:42]} Qf1+ {[%clk 0:04:54]} 62. Kh2 {[%clk
0:12:42]} Qc4 {[%clk 0:04:13]} 63. Qe5+ {[%clk 0:12:33]} Kc6 {[%clk 0:04:27]}
64. Qe6+ {[%clk 0:12:59]} 1/2-1/2

[Event "DEM U18 2020"]
[Site "Willingen GER"]
[Date "2020.10.22"]
[Round "4"]
[White "Vogt, Dustin"]
[Black "Lesny, Florian"]
[Result "0-1"]
[Termination "normal"]
[Board "12"]
[WhiteElo "1829"]
[BlackElo "2178"]
[WhiteClock "00:00:54"]
[BlackClock "00:13:19"]
[PlyCount "66"]
[WhiteFideId "16244567"]
[BlackFideId "12973874"]
[EventCountry "GER"]
[EventRounds "7"]
[EventType "swiss"]
[EventDate "2020.10.19"]

1. e4 {[%clk 1:30:54]} c5 {[%clk 1:30:52]} 2. Nf3 {[%clk 1:31:19]} d6 {[%clk
1:31:11]} 3. g3 {[%clk 1:31:37]} Nf6 {[%clk 1:31:32]} 4. d3 {[%clk 1:32:00]} g6
{[%clk 1:31:51]} 5. Bg2 {[%clk 1:32:24]} Bg7 {[%clk 1:32:11]} 6. O-O {[%clk
1:32:23]} O-O {[%clk 1:32:31]} 7. Nc3 {[%clk 1:31:13]} Nc6 {[%clk 1:32:50]} 8.
h3 {[%clk 1:31:24]} Rb8 {[%clk 1:32:50]} 9. a4 {[%clk 1:31:46]} a6 {[%clk
1:32:27]} 10. Be3 {[%clk 1:32:08]} b5 {[%clk 1:32:20]} 11. axb5 {[%clk
1:32:34]} axb5 {[%clk 1:32:33]} 12. Qd2 {[%clk 1:32:11]} b4 {[%clk 1:31:37]}
13. Ne2 {[%clk 1:32:29]} e5 {[%clk 1:29:08]} 14. Bh6 {[%clk 1:31:40]} Be6
{[%clk 1:27:34]} 15. Bxg7 {[%clk 1:30:23]} Kxg7 {[%clk 1:27:15]} 16. Ng5 {[%clk
1:16:49]} Qc8 {[%clk 1:23:17]} 17. f4 {[%clk 1:03:49]} h6 {[%clk 1:19:36]} 18.
Nxe6+ {[%clk 1:02:07]} Qxe6 {[%clk 1:19:35]} 19. f5 {[%clk 0:46:18]} Qe7 {[%clk
1:11:19]} 20. h4 {[%clk 0:26:20]} Nd4 {[%clk 1:06:30]} 21. Nxd4 {[%clk
0:23:07]} cxd4 {[%clk 1:04:28]} 22. b3 {[%clk 0:23:25]} Qc7 {[%clk 1:00:21]}
23. Bh3 {[%clk 0:15:29]} Qc3 {[%clk 0:41:20]} 24. Qd1 {[%clk 0:05:07]} Ra8
{[%clk 0:31:28]} 25. Rc1 {[%clk 0:04:27]} g5 {[%clk 0:27:40]} 26. hxg5 {[%clk
0:02:43]} hxg5 {[%clk 0:27:52]} 27. Rb1 {[%clk 0:02:23]} Rg8 {[%clk 0:25:45]}
28. Rf2 {[%clk 0:01:15]} Kf8 {[%clk 0:25:13]} 29. Bf1 {[%clk 0:01:01]} Ke7
{[%clk 0:24:25]} 30. Rh2 {[%clk 0:01:17]} Ra2 {[%clk 0:20:01]} 31. Rc1 {[%clk
0:01:15]} Rc8 {[%clk 0:19:19]} 32. Kh1 {[%clk 0:00:34]} Rb2 {[%clk 0:16:11]}
33. Ra1 {[%clk 0:00:54]} Rc7 {[%clk 0:13:19]} 0-1

[Event "DEM U18 2020"]
[Site "Willingen GER"]
[Date "2020.10.22"]
[Round "4"]
[White "Wensing, Maximilian"]
[Black "Matthes, Aaron"]
[Result "0-1"]
[Termination "normal"]
[Board "13"]
[WhiteElo "2039"]
[BlackElo "2198"]
[WhiteClock "00:21:23"]
[BlackClock "00:59:32"]
[PlyCount "118"]
[WhiteFideId "16222415"]
[BlackFideId "16227310"]
[EventCountry "GER"]
[EventRounds "7"]
[EventType "swiss"]
[EventDate "2020.10.19"]

1. c4 {[%clk 1:30:57]} Nf6 {[%clk 1:30:57]} 2. g3 {[%clk 1:31:17]} e6 {[%clk
1:31:24]} 3. Bg2 {[%clk 1:31:40]} d5 {[%clk 1:31:51]} 4. Nf3 {[%clk 1:32:03]}
Be7 {[%clk 1:32:17]} 5. O-O {[%clk 1:32:24]} O-O {[%clk 1:32:44]} 6. b3 {[%clk
1:32:48]} b6 {[%clk 1:33:10]} 7. Bb2 {[%clk 1:31:25]} c5 {[%clk 1:30:46]} 8.
cxd5 {[%clk 1:26:36]} Nxd5 {[%clk 1:30:14]} 9. d4 {[%clk 1:20:52]} Bb7 {[%clk
1:28:40]} 10. Nc3 {[%clk 1:08:09]} Nd7 {[%clk 1:26:45]} 11. Rc1 {[%clk
1:04:10]} N7f6 {[%clk 1:24:42]} 12. dxc5 {[%clk 0:51:50]} Bxc5 {[%clk 1:25:01]}
13. a3 {[%clk 0:50:38]} Nxc3 {[%clk 1:21:19]} 14. Bxc3 {[%clk 0:46:04]} Bxa3
{[%clk 1:21:15]} 15. Ra1 {[%clk 0:46:27]} Bc5 {[%clk 1:18:29]} 16. e3 {[%clk
0:37:37]} a5 {[%clk 1:13:57]} 17. Bd4 {[%clk 0:33:20]} Rc8 {[%clk 1:11:33]} 18.
Rc1 {[%clk 0:32:30]} Qe7 {[%clk 0:59:15]} 19. Qe2 {[%clk 0:27:42]} Bxf3 {[%clk
0:56:04]} 20. Bxf3 {[%clk 0:27:44]} Bxd4 {[%clk 0:56:27]} 21. exd4 {[%clk
0:28:10]} Qb4 {[%clk 0:56:49]} 22. Qe3 {[%clk 0:27:34]} h6 {[%clk 0:54:01]} 23.
Kg2 {[%clk 0:25:27]} Rfd8 {[%clk 0:53:55]} 24. Rxc8 {[%clk 0:24:59]} Rxc8
{[%clk 0:54:21]} 25. Rd1 {[%clk 0:25:17]} Rd8 {[%clk 0:53:29]} 26. h4 {[%clk
0:24:27]} Nd5 {[%clk 0:53:22]} 27. Qd3 {[%clk 0:20:59]} e5 {[%clk 0:48:07]} 28.
Qf5 {[%clk 0:17:09]} Nc3 {[%clk 0:47:46]} 29. Re1 {[%clk 0:16:14]} exd4 {[%clk
0:47:04]} 30. Bh5 {[%clk 0:16:19]} Rf8 {[%clk 0:45:03]} 31. Qd7 {[%clk
0:13:09]} Qxb3 {[%clk 0:42:50]} 32. Qxd4 {[%clk 0:12:49]} Qd5+ {[%clk 0:41:11]}
33. Qxd5 {[%clk 0:13:13]} Nxd5 {[%clk 0:41:38]} 34. Bf3 {[%clk 0:13:36]} Nb4
{[%clk 0:41:43]} 35. Re7 {[%clk 0:13:58]} Rd8 {[%clk 0:36:50]} 36. Ra7 {[%clk
0:13:59]} g6 {[%clk 0:36:20]} 37. Be2 {[%clk 0:13:59]} Rd6 {[%clk 0:35:02]} 38.
Bc4 {[%clk 0:12:01]} Rf6 {[%clk 0:33:10]} 39. f4 {[%clk 0:12:24]} Kg7 {[%clk
0:31:19]} 40. Rb7 {[%clk 0:11:27]} Nc2 {[%clk 0:30:13]} 41. Kf3 {[%clk
0:11:16]} b5 {[%clk 0:29:56]} 42. Bxb5 {[%clk 0:10:37]} Nd4+ {[%clk 0:30:22]}
43. Ke4 {[%clk 0:10:57]} Nxb5 {[%clk 0:30:47]} 44. Rxb5 {[%clk 0:11:22]} Ra6
{[%clk 0:31:15]} 45. Rb3 {[%clk 0:11:05]} a4 {[%clk 0:31:35]} 46. Ra3 {[%clk
0:11:30]} h5 {[%clk 0:31:17]} 47. f5 {[%clk 0:27:20]} Kf6 {[%clk 1:01:38]} 48.
fxg6 {[%clk 0:27:44]} fxg6 {[%clk 1:02:06]} 49. Kf4 {[%clk 0:28:04]} Ke6 {[%clk
1:02:20]} 50. g4 {[%clk 0:25:04]} hxg4 {[%clk 0:58:16]} 51. Kxg4 {[%clk
0:25:28]} Kd5 {[%clk 0:58:43]} 52. Kg5 {[%clk 0:25:50]} Kc5 {[%clk 0:59:07]}
53. Ra1 {[%clk 0:22:25]} a3 {[%clk 0:59:14]} 54. Ra2 {[%clk 0:20:10]} Kb4
{[%clk 0:59:36]} 55. Ra1 {[%clk 0:20:34]} Kb3 {[%clk 1:00:01]} 56. Rg1 {[%clk
0:20:50]} a2 {[%clk 0:59:48]} 57. Rh1 {[%clk 0:21:42]} Rc6 {[%clk 1:00:28]} 58.
Rg1 {[%clk 0:21:28]} Kb2 {[%clk 0:59:11]} 59. Rg2+ {[%clk 0:21:23]} Kb1 {[%clk
0:59:32]} 0-1

[Event "DEM U18 2020"]
[Site "Willingen GER"]
[Date "2020.10.24"]
[Round "7"]
[White "Suvorov, Alexander"]
[Black "Stelmaszyk, Nico"]
[Result "1/2-1/2"]
[Termination "normal"]
[Board "1"]
[WhiteTitle "FM"]
[WhiteElo "2313"]
[BlackElo "2301"]
[WhiteClock "00:24:57"]
[BlackClock "01:03:06"]
[PlyCount "42"]
[WhiteFideId "12977063"]
[BlackFideId "16200462"]
[EventCountry "GER"]
[EventRounds "7"]
[EventType "swiss"]
[EventDate "2020.10.19"]

1. d4 {[%clk 1:30:57]} d5 {[%clk 1:30:54]} 2. c4 {[%clk 1:31:18]} dxc4 {[%clk
1:31:18]} 3. Nf3 {[%clk 1:31:24]} Nf6 {[%clk 1:31:42]} 4. e3 {[%clk 1:31:13]}
e6 {[%clk 1:32:03]} 5. Bxc4 {[%clk 1:31:06]} c5 {[%clk 1:32:19]} 6. O-O {[%clk
1:31:08]} a6 {[%clk 1:32:45]} 7. a4 {[%clk 1:31:15]} Nc6 {[%clk 1:33:07]} 8.
Qe2 {[%clk 1:31:16]} Qc7 {[%clk 1:33:12]} 9. Rd1 {[%clk 1:28:51]} Be7 {[%clk
1:33:36]} 10. dxc5 {[%clk 1:25:29]} Bxc5 {[%clk 1:33:41]} 11. b3 {[%clk
1:23:37]} O-O {[%clk 1:27:26]} 12. h3 {[%clk 0:59:22]} b6 {[%clk 1:15:43]} 13.
Bb2 {[%clk 0:56:03]} Qe7 {[%clk 1:14:39]} 14. Nbd2 {[%clk 0:51:50]} Bb7 {[%clk
1:14:35]} 15. Ne5 {[%clk 0:39:37]} Nxe5 {[%clk 1:08:54]} 16. Bxe5 {[%clk
0:40:05]} Rfd8 {[%clk 1:08:35]} 17. Nf3 {[%clk 0:36:43]} a5 {[%clk 1:07:10]}
18. Bb2 {[%clk 0:27:49]} Rxd1+ {[%clk 1:02:45]} 19. Rxd1 {[%clk 0:27:54]} Rd8
{[%clk 1:03:06]} 20. Rxd8+ {[%clk 0:24:57]} Qxd8 21. Qd2 {[%clk 0:24:57]} Qxd2
1/2-1/2

[Event "DEM U18 2020"]
[Site "Willingen GER"]
[Date "2020.10.24"]
[Round "7"]
[White "Stork, Oliver"]
[Black "Färber, David"]
[Result "1/2-1/2"]
[Termination "normal"]
[Board "2"]
[WhiteTitle "FM"]
[WhiteElo "2371"]
[BlackElo "2321"]
[WhiteClock "00:03:00"]
[BlackClock "00:02:45"]
[PlyCount "66"]
[WhiteFideId "12955728"]
[BlackFideId "12971294"]
[EventCountry "GER"]
[EventRounds "7"]
[EventType "swiss"]
[EventDate "2020.10.19"]

1. b3 {[%clk 1:30:58]} e5 {[%clk 1:28:20]} 2. Bb2 {[%clk 1:31:22]} Nc6 {[%clk
1:28:45]} 3. e3 {[%clk 1:31:41]} Nf6 {[%clk 1:27:59]} 4. Bb5 {[%clk 1:31:41]}
Bd6 {[%clk 1:28:20]} 5. Na3 {[%clk 1:31:38]} Be7 {[%clk 1:22:40]} 6. Nc4 {[%clk
1:26:58]} e4 {[%clk 1:07:46]} 7. Bxc6 {[%clk 1:26:08]} dxc6 {[%clk 1:06:25]} 8.
Ne2 {[%clk 1:22:34]} Be6 {[%clk 0:48:45]} 9. O-O {[%clk 1:18:17]} Bxc4 {[%clk
0:48:27]} 10. bxc4 {[%clk 1:18:41]} Qd7 {[%clk 0:47:52]} 11. f3 {[%clk
1:08:12]} O-O-O {[%clk 0:44:07]} 12. Nd4 {[%clk 1:06:44]} c5 {[%clk 0:37:01]}
13. Nb3 {[%clk 1:06:45]} Qe6 {[%clk 0:36:49]} 14. Qe2 {[%clk 1:04:11]} b6
{[%clk 0:35:24]} 15. Rab1 {[%clk 0:49:35]} Rhg8 {[%clk 0:19:41]} 16. fxe4
{[%clk 0:43:26]} Nxe4 {[%clk 0:14:47]} 17. d3 {[%clk 0:42:38]} Nd6 {[%clk
0:14:31]} 18. e4 {[%clk 0:38:29]} f6 {[%clk 0:14:22]} 19. Nd2 {[%clk 0:29:32]}
Nf7 {[%clk 0:13:27]} 20. Rf5 {[%clk 0:27:44]} Bd6 {[%clk 0:12:26]} 21. Nf1
{[%clk 0:24:33]} Be5 {[%clk 0:09:59]} 22. Ne3 {[%clk 0:22:27]} Rd7 {[%clk
0:09:17]} 23. a4 {[%clk 0:14:15]} Re8 {[%clk 0:07:58]} 24. Bxe5 {[%clk
0:12:32]} Nxe5 {[%clk 0:08:22]} 25. a5 {[%clk 0:12:04]} Nc6 {[%clk 0:07:29]}
26. axb6 {[%clk 0:12:19]} cxb6 {[%clk 0:06:25]} 27. Qf2 {[%clk 0:11:11]} Ne5
{[%clk 0:05:54]} 28. Nd5 {[%clk 0:10:59]} h6 {[%clk 0:05:26]} 29. Qd2 {[%clk
0:08:41]} Nc6 {[%clk 0:04:20]} 30. c3 {[%clk 0:03:28]} Ne7 {[%clk 0:03:42]} 31.
Rff1 {[%clk 0:03:04]} Nxd5 {[%clk 0:03:48]} 32. cxd5 {[%clk 0:03:29]} Qd6
{[%clk 0:04:12]} 33. Rfe1 {[%clk 0:03:00]} Kd8 {[%clk 0:02:45]} 1/2-1/2

[Event "DEM U18 2020"]
[Site "Willingen GER"]
[Date "2020.10.24"]
[Round "7"]
[White "Schmider, Niklas"]
[Black "Gutkin, Ilya"]
[Result "0-1"]
[Termination "normal"]
[Board "3"]
[WhiteElo "2291"]
[BlackElo "2203"]
[WhiteClock "00:06:54"]
[BlackClock "00:04:19"]
[PlyCount "68"]
[WhiteFideId "12993778"]
[BlackFideId "16203470"]
[EventCountry "GER"]
[EventRounds "7"]
[EventType "swiss"]
[EventDate "2020.10.19"]

1. d4 {[%clk 1:30:53]} d5 {[%clk 1:28:12]} 2. c4 {[%clk 1:31:01]} e6 {[%clk
1:28:34]} 3. Nc3 {[%clk 1:31:24]} c6 {[%clk 1:28:41]} 4. e3 {[%clk 1:31:11]}
Bd6 {[%clk 1:28:23]} 5. Bd3 {[%clk 1:30:16]} f5 {[%clk 1:26:40]} 6. Qc2 {[%clk
1:28:33]} a6 {[%clk 1:20:42]} 7. Nge2 {[%clk 1:28:00]} Nf6 {[%clk 1:20:34]} 8.
f3 {[%clk 1:27:12]} O-O {[%clk 1:15:33]} 9. O-O {[%clk 1:24:37]} b5 {[%clk
1:12:18]} 10. b3 {[%clk 1:23:40]} Nbd7 {[%clk 1:09:29]} 11. Bd2 {[%clk
1:20:12]} Bb7 {[%clk 1:03:52]} 12. c5 {[%clk 1:18:06]} Bc7 {[%clk 1:02:34]} 13.
e4 {[%clk 1:06:52]} fxe4 {[%clk 0:48:34]} 14. fxe4 {[%clk 1:07:06]} e5 {[%clk
0:47:12]} 15. exd5 {[%clk 0:53:13]} cxd5 {[%clk 0:47:21]} 16. Bf5 {[%clk
0:45:33]} exd4 {[%clk 0:38:37]} 17. Nxd4 {[%clk 0:36:43]} Nxc5 {[%clk 0:34:33]}
18. Bg5 {[%clk 0:32:56]} Qd6 {[%clk 0:25:02]} 19. Bf4 {[%clk 0:31:40]} Qb6
{[%clk 0:25:19]} 20. Bxc7 {[%clk 0:30:05]} Qxc7 {[%clk 0:25:42]} 21. Nce2
{[%clk 0:15:16]} Qb6 {[%clk 0:23:43]} 22. Rac1 {[%clk 0:14:31]} Nce4 {[%clk
0:22:24]} 23. Qd3 {[%clk 0:11:35]} Bc8 {[%clk 0:16:22]} 24. Rc6 {[%clk
0:10:19]} Qa7 {[%clk 0:16:45]} 25. Qh3 {[%clk 0:08:58]} Bxf5 {[%clk 0:10:43]}
26. Qxf5 {[%clk 0:09:07]} Rae8 {[%clk 0:07:14]} 27. Kh1 {[%clk 0:04:47]} g6
{[%clk 0:04:14]} 28. Qf4 {[%clk 0:04:40]} Ng4 {[%clk 0:03:42]} 29. Qc1 {[%clk
0:05:05]} Nef2+ {[%clk 0:02:51]} 30. Kg1 {[%clk 0:05:30]} Rxe2 {[%clk 0:02:47]}
31. Nxe2 {[%clk 0:05:46]} Nh3+ {[%clk 0:03:07]} 32. Kh1 {[%clk 0:06:11]} Qg1+
{[%clk 0:03:29]} 33. Nxg1 {[%clk 0:06:30]} Ngf2+ {[%clk 0:03:53]} 34. Rxf2
{[%clk 0:06:54]} Nxf2# {[%clk 0:04:19]} 0-1

[Event "DEM U18 2020"]
[Site "Willingen GER"]
[Date "2020.10.24"]
[Round "7"]
[White "Richter, Nils"]
[Black "Wachinger, Nikolas"]
[Result "1-0"]
[Termination "normal"]
[Board "4"]
[WhiteElo "2290"]
[BlackElo "2334"]
[WhiteClock "00:02:23"]
[BlackClock "00:02:51"]
[PlyCount "79"]
[WhiteFideId "12990809"]
[BlackFideId "12962791"]
[EventCountry "GER"]
[EventRounds "7"]
[EventType "swiss"]
[EventDate "2020.10.19"]

1. c4 {[%clk 1:30:59]} Nf6 {[%clk 1:30:51]} 2. Nc3 {[%clk 1:31:17]} e6 {[%clk
1:30:43]} 3. Nf3 {[%clk 1:31:34]} d5 {[%clk 1:31:01]} 4. e3 {[%clk 1:31:49]} b6
{[%clk 1:25:53]} 5. cxd5 {[%clk 1:32:00]} exd5 {[%clk 1:26:09]} 6. d4 {[%clk
1:32:21]} Bb7 {[%clk 1:26:16]} 7. Bd3 {[%clk 1:32:24]} a6 {[%clk 1:20:12]} 8.
O-O {[%clk 1:31:15]} Bd6 {[%clk 1:20:24]} 9. b3 Nbd7 {[%clk 1:18:47]} 10. Bb2
{[%clk 1:07:53]} O-O {[%clk 1:18:47]} 11. Ne2 {[%clk 1:06:55]} Qe7 {[%clk
1:15:28]} 12. a4 {[%clk 0:57:11]} Ne4 {[%clk 1:06:09]} 13. Bxe4 {[%clk
0:52:44]} dxe4 {[%clk 0:43:47]} 14. Nd2 {[%clk 0:53:05]} Nf6 {[%clk 0:41:45]}
15. Ng3 {[%clk 0:48:34]} Rae8 {[%clk 0:27:24]} 16. Nc4 {[%clk 0:44:35]} Nd5
{[%clk 0:23:20]} 17. Nf5 {[%clk 0:38:30]} Qe6 {[%clk 0:22:15]} 18. Nfxd6 {[%clk
0:38:18]} cxd6 {[%clk 0:22:37]} 19. Ba3 {[%clk 0:38:39]} Rd8 {[%clk 0:22:24]}
20. Qd2 {[%clk 0:34:38]} f5 {[%clk 0:20:30]} 21. Rae1 {[%clk 0:25:36]} Rf6
{[%clk 0:19:19]} 22. a5 {[%clk 0:21:53]} b5 {[%clk 0:19:17]} 23. Nb6 {[%clk
0:22:21]} Nxb6 {[%clk 0:17:03]} 24. axb6 {[%clk 0:22:49]} Qxb3 {[%clk 0:17:25]}
25. Qb4 {[%clk 0:22:15]} Qxb4 {[%clk 0:16:32]} 26. Bxb4 {[%clk 0:22:44]} d5
{[%clk 0:16:42]} 27. Be7 {[%clk 0:17:56]} Rdd6 {[%clk 0:17:10]} 28. Ra1 {[%clk
0:17:16]} Kf7 {[%clk 0:16:36]} 29. Bxd6 {[%clk 0:16:52]} Rxd6 {[%clk 0:17:04]}
30. Rfc1 {[%clk 0:15:37]} Rxb6 {[%clk 0:17:30]} 31. Rc7+ {[%clk 0:14:17]} Kf6
{[%clk 0:17:57]} 32. Kf1 {[%clk 0:14:37]} b4 {[%clk 0:15:01]} 33. Ke1 {[%clk
0:14:30]} Bc6 {[%clk 0:14:39]} 34. Kd2 {[%clk 0:14:14]} Bb5 {[%clk 0:14:33]}
35. Kc2 {[%clk 0:13:17]} Bc4 {[%clk 0:14:55]} 36. Kb2 {[%clk 0:13:27]} Kg6
{[%clk 0:04:49]} 37. Rg1 {[%clk 0:07:22]} Rf6 {[%clk 0:04:17]} 38. f4 {[%clk
0:04:35]} Kh6 {[%clk 0:03:07]} 39. g4 {[%clk 0:03:50]} g5 {[%clk 0:02:51]} 40.
h4 {[%clk 0:02:23]} 1-0

[Event "DEM U18 2020"]
[Site "Willingen GER"]
[Date "2020.10.24"]
[Round "7"]
[White "Huber, Benedikt"]
[Black "Roseneck, Jonas"]
[Result "1-0"]
[Termination "normal"]
[Board "5"]
[BlackTitle "FM"]
[WhiteElo "2191"]
[BlackElo "2417"]
[WhiteClock "00:01:59"]
[BlackClock "00:03:59"]
[PlyCount "73"]
[WhiteFideId "12923583"]
[BlackFideId "12939870"]
[EventCountry "GER"]
[EventRounds "7"]
[EventType "swiss"]
[EventDate "2020.10.19"]

1. d4 {[%clk 1:30:49]} Nf6 {[%clk 1:30:59]} 2. c4 {[%clk 1:30:22]} g6 {[%clk
1:31:25]} 3. Nf3 {[%clk 1:30:06]} Bg7 {[%clk 1:31:51]} 4. g3 {[%clk 1:30:00]}
d5 {[%clk 1:32:17]} 5. cxd5 {[%clk 1:29:42]} Nxd5 {[%clk 1:32:44]} 6. Bg2
{[%clk 1:29:32]} Nb6 {[%clk 1:33:10]} 7. O-O {[%clk 1:29:05]} Nc6 {[%clk
1:33:38]} 8. e3 {[%clk 1:28:02]} O-O {[%clk 1:34:04]} 9. Nc3 {[%clk 1:26:17]}
Re8 {[%clk 1:34:27]} 10. Nh4 {[%clk 1:17:09]} e5 {[%clk 1:34:28]} 11. d5 {[%clk
1:13:54]} Nb4 {[%clk 1:34:57]} 12. e4 {[%clk 1:09:59]} c6 {[%clk 1:26:32]} 13.
Qb3 {[%clk 0:59:45]} Na6 {[%clk 1:08:19]} 14. Be3 {[%clk 0:58:59]} cxd5 15.
Bxb6 {[%clk 0:57:40]} axb6 {[%clk 0:52:57]} 16. Nxd5 {[%clk 0:56:09]} Be6
{[%clk 0:53:23]} 17. Rfd1 {[%clk 0:50:52]} Bxd5 {[%clk 0:46:10]} 18. Rxd5
{[%clk 0:51:16]} Qc7 {[%clk 0:45:42]} 19. Rad1 {[%clk 0:45:22]} Nc5 {[%clk
0:43:14]} 20. Qc4 {[%clk 0:42:23]} Ra4 {[%clk 0:30:42]} 21. Qc2 {[%clk
0:21:16]} Rxa2 {[%clk 0:28:48]} 22. Bf1 {[%clk 0:21:21]} Rc8 {[%clk 0:19:00]}
23. Nf3 {[%clk 0:17:39]} Ne6 {[%clk 0:14:57]} 24. Qb3 {[%clk 0:15:01]} Raa8
{[%clk 0:14:12]} 25. Rd7 {[%clk 0:14:55]} Qc6 {[%clk 0:12:11]} 26. Bb5 {[%clk
0:05:16]} Qc2 {[%clk 0:11:04]} 27. Rd8+ {[%clk 0:05:33]} Nxd8 {[%clk 0:08:16]}
28. Rxd8+ {[%clk 0:05:58]} Rxd8 {[%clk 0:05:49]} 29. Qxc2 {[%clk 0:06:23]} Rac8
{[%clk 0:06:16]} 30. Qb3 {[%clk 0:06:31]} Rc1+ {[%clk 0:06:16]} 31. Kg2 {[%clk
0:06:54]} Rdc8 {[%clk 0:06:45]} 32. Qd5 {[%clk 0:01:28]} R8c5 {[%clk 0:05:32]}
33. Qd8+ {[%clk 0:01:49]} Bf8 {[%clk 0:06:00]} 34. Ba4 {[%clk 0:01:35]} Ra5
{[%clk 0:04:15]} 35. Bb3 {[%clk 0:01:14]} Rb5 {[%clk 0:04:44]} 36. Bxf7+ {[%clk
0:01:33]} Kxf7 {[%clk 0:03:59]} 37. Qd7+ {[%clk 0:01:59]} 1-0